000 01200nam a2200325Ia 4500
001 Z_6230
003 CHAP
005 20231110171543.0
008 220113s2011 xx 000 0 und d
010 _a169473
040 _cCHAP
090 _aTesis R83 2200
100 _aRubio Cervantes, Ismael
_9100472
245 _aPropuesta de integración para la industrialización y comercialización de la leche en Tabasco, México /
_c Ismael Rubio Cervantes
260 _aChapingo, México :
_bEl autor,
_c2011
300 _a34 h.
502 _aTesis (Ingeniero Agrónomo Especialista en Zootecnia) -- UACh, 2011 \ Dirección: Juan Manuel de Luna Esquivel; asesoría: Ricardo Ruíz Sánchez y Constantino Romero Márquez
650 _aCadena productiva
_9144179
650 _aIndustria láctea
_9143326
650 _aIntegración
_959498
700 _a Romero Márquez, Constantino, asesor
_9144227
700 _a Ruíz Sánchez, Ricardo, asesor
_9144228
700 _aLuna Esquivel, Juan Manuel de, director
_9144229
856 4 2 _uhttp://10.13.5.2/tesis/115278.pdf
_yDescargar PDF
901 _aTESIS R83 2200
902 _aM
910 _a2011
942 _c2
_2ddc
942 _c2
_2ddc
999 _c169473
_d169473